|
|
|
|
| LEADER |
00994nam a2200277 a 4500 |
| 001 |
2284 |
| 003 |
BD-DhAAL |
| 005 |
20150305110930.0 |
| 008 |
150305s1991 ilua b 001 0 eng |
| 010 |
|
|
|a 90002882
|
| 020 |
|
|
|a 0030326729
|
| 040 |
|
|
|a DLC
|c DLC
|d DLC
|d BD-DhAAL
|
| 050 |
0 |
0 |
|a HG4026
|b .B669 1991
|
| 082 |
0 |
0 |
|a 658.15
|2 20
|
| 100 |
1 |
|
|a Brigham, Eugene F.,
|d 1930-
|9 9089
|
| 245 |
1 |
0 |
|a Financial management :
|b theory and practice /
|c Eugene F. Brigham, Louis C. Gapenski.
|
| 250 |
|
|
|a 6th ed.
|
| 260 |
|
|
|a Chicago :
|b Dryden Press,
|c c1991.
|
| 300 |
|
|
|a xxiv, 995, [68] p. :
|b ill. ;
|c 24 cm.
|
| 504 |
|
|
|a Includes bibliographical references and index.
|
| 541 |
|
|
|e 2284
|
| 650 |
|
0 |
|a Corporations
|x Finance.
|9 6573
|
| 700 |
1 |
|
|a Gapenski, Louis C.
|9 9090
|
| 942 |
|
|
|2 ddc
|c BK
|
| 999 |
|
|
|c 33892
|d 33892
|
| 952 |
|
|
|0 0
|1 0
|2 ddc
|4 0
|6 658_150000000000000_BRI
|7 0
|9 52901
|a SCL
|b SCL
|c GEN
|d 2015-03-05
|e Gift: The Asia Foundation
|l 1
|m 3
|o 658.15 BRI
|p 3020002284
|r 2022-04-21
|s 2022-03-15
|t 1
|w 2015-03-05
|y BK
|